书目信息 |
| 题名: |
英语口译技巧
|
|
| 作者: | 陈洁 编著 | |
| 分册: | ||
| 出版信息: | 上海 上海交通大学出版社 1998.11 |
|
| 页数: | 165页 | |
| 开本: | 16开 | |
| 丛书名: | ||
| 单 册: | ||
| 中图分类: | H315.9 | |
| 科图分类: | ||
| 主题词: | 英语 | |
| 电子资源: | ||
| ISBN: | 7-313-02101-1 | |
| 000 | 00545nam0 2200193 45 | |
| 001 | 0010240935 | |
| 005 | 20001024100117.0 | |
| 010 | @a7-313-02101-1@d15.00元 | |
| 100 | @a20001024d1998 km y0chiy0120 ea | |
| 101 | 0 | @achi |
| 105 | @a z 000yy | |
| 200 | 1 | @a英语口译技巧@AYing Yu Kou Yi Ji Qiao@f陈洁等编著@FChen Jie Deng Bian Zhu |
| 210 | @a上海@c上海交通大学出版社@d1998.11 | |
| 215 | @a165页@d16开 | |
| 606 | 0 | @a英语 |
| 690 | @aH315.9@v3 | |
| 701 | 0 | @a陈洁@4编著 |
| 801 | @aCN@bPftUser@c20001024 | |
| 905 | @b185572-576@dH315.9@eCH.373@f5 | |
| 英语口译技巧/陈洁等编著.-上海:上海交通大学出版社,1998.11 |
| 165页;16开 |
| ISBN 7-313-02101-1:15.00元 |
| ● |
| 相关链接 |
|
|
|
正题名:英语口译技巧
索取号:H315.9/CH.373
 
预约/预借
| 序号 | 登录号 | 条形码 | 馆藏地/架位号 | 状态 | 备注 |
| 1 | 185572 | 201855723 | 语言库209/209语言库 9排1列3层/ [索取号:H315.9/CH.373] | 在馆 | |
| 2 | 185573 | 201855732 | 语言库209/209语言库 9排1列3层/ [索取号:H315.9/CH.373] | 在馆 | |
| 3 | 185574 | 201855741 | 语言库209/209语言库 9排1列3层/ [索取号:H315.9/CH.373] | 在馆 | |
| 4 | 185575 | 201855750 | 自科二线404/209语言库 9排1列3层/ [索取号:H315.9/CH.373] | 在馆 | |
| 5 | 185576 | 201855769 | 自科二线404/209语言库 9排1列3层/ [索取号:H315.9/CH.373] | 在馆 |